[Event "World Blitz 2023"]
[Site "Samarkand UZB"]
[Date "2023.12.30"]
[Round "18.19"]
[White "Anton Guijarro, David"]
[Black "Petrov, Nikita"]
[Result "1-0"]
[WhiteElo "2616"]
[BlackElo "2521"]
[EventDate "2023.12.29"]

1. e4 e5 2. Nf3 Nc6 3. Bc4 Bc5 4. O-O d6 5. d3 Nf6 6. a4 h6 7. Be3 O-O 8.
Bxc5 dxc5 9. Bb5 Nd4 10. Nxe5 Qe7 11. f4 a6 12. Bc4 Be6 13. Nd2 b5 14. Bxe6
Nxe6 15. g3 c4 16. dxc4 Rad8 17. Qe2 Nd4 18. Qf2 Qe6 19. cxb5 axb5 20. axb5
Nxb5 21. c3 Ng4 22. Nxg4 Qxg4 23. e5 c6 24. Nf3 Rd3 25. Rad1 Rfd8 26. Rxd3
Rxd3 27. Qe2 Qd7 28. Nd4 Rxd4 29. cxd4 Nxd4 30. Qe4 c5 31. b4 Qb5 32. bxc5
Qxc5 33. Kg2 Nc2 34. Kh3 Ne3 35. Rf3 Qc8+ 36. f5 Nd1 37. e6 fxe6 38. Qxe6+
1-0

[Event "World Blitz 2023"]
[Site "Samarkand UZB"]
[Date "2023.12.30"]
[Round "18.20"]
[White "Grigoriants, Sergey"]
[Black "Esipenko, Andrey"]
[Result "0-1"]
[WhiteElo "2532"]
[BlackElo "2615"]
[EventDate "2023.12.29"]

1. e4 e5 2. Nf3 Nc6 3. Bb5 a6 4. Ba4 Nf6 5. O-O Be7 6. Re1 b5 7. Bb3 O-O 8.
a4 Rb8 9. axb5 axb5 10. c3 d6 11. h3 b4 12. d3 bxc3 13. bxc3 d5 14. Nbd2
dxe4 15. dxe4 h6 16. Ba4 Bd7 17. Nc4 Ra8 18. Qc2 Qe8 19. Be3 Nd4 20. cxd4
Bxa4 21. Qc1 Nxe4 22. Nfxe5 f5 23. f3 Nf6 24. Bf2 Kh7 25. Qb1 Nd5 26. Ne3
Nxe3 27. Bxe3 Rb8 28. Qd3 Bb3 29. Bf2 Bd5 30. Qc2 Qd8 31. Nc6 Bxc6 32. Qxc6
Bd6 33. Qc4 Qg5 34. d5 Rb4 35. Qc1 Bf4 36. Qc3 Bd6 37. Qc1 Qf6 38. Qd2 Rb2
39. Qd4 Bg3 40. Qxb2 Qxb2 41. Bxg3 Qd4+ 42. Kh1 f4 43. Bh2 Qxd5 44. Re4 g5
45. Rc1 c6 46. Rec4 Rf6 47. Bg1 Qd7 48. Rc5 Kg6 49. Re1 Rf5 50. Rxf5 Qxf5
51. Rc1 Qd7 52. Rc5 h5 53. Bf2 Qd6 54. Rc1 Kf6 55. Kg1 Ke6 56. Rc5 Qd1+ 57.
Kh2 Qe2 58. Kg1 g4 59. hxg4 hxg4 60. fxg4 Kd6 61. g5 Qg4 62. Ra5 f3 63.
Bc5+ Ke6 64. Ra2 Qc4 0-1

[Event "World Blitz 2023"]
[Site "Samarkand UZB"]
[Date "2023.12.30"]
[Round "18.21"]
[White "Piorun, Kacper"]
[Black "Suyarov, Mukhammadzokhid"]
[Result "1/2-1/2"]
[WhiteElo "2589"]
[BlackElo "2449"]
[EventDate "2023.12.29"]

1. e4 e5 2. Bc4 Nf6 3. Nc3 Nc6 4. d3 Bc5 5. h3 d6 6. Nge2 Be6 7. Bb3 Qd7 8.
Be3 O-O-O 9. Qd2 Bxe3 10. fxe3 d5 11. exd5 Nxd5 12. Ne4 Qe7 13. g4 Qh4+ 14.
N2g3 h5 15. g5 f5 16. gxf6 gxf6 17. Qf2 b6 18. O-O-O f5 19. Bxd5 Rxd5 20.
Nxf5 Qxf2 21. Nxf2 Bxf5 22. e4 Rd4 23. exf5 Rf4 24. Ne4 Rxf5 25. Kd2 Nd4
26. Rdf1 Rxf1 27. Rxf1 Rg8 28. Rf2 Ne6 29. Nf6 Rg3 30. Nxh5 Rxh3 31. Nf6
Nd4 32. Ng4 Nf3+ 33. Kc3 Rg3 34. Nf6 Nd4 35. Ne4 Rg1 36. b3 a5 37. a4 Kb7
38. Kb2 Rh1 39. Nd2 Re1 40. Rg2 Nc6 41. Rg4 Re2 42. Kc1 Nd4 43. Re4 Rh2 44.
c3 Nc6 45. Nc4 Rh3 46. Nxe5 Nxe5 47. Rxe5 1/2-1/2

[Event "World Blitz 2023"]
[Site "Samarkand UZB"]
[Date "2023.12.30"]
[Round "18.22"]
[White "Vokhidov, Shamsiddin"]
[Black "Haldorsen, Benjamin"]
[Result "1-0"]
[WhiteElo "2588"]
[BlackElo "2405"]
[EventDate "2023.12.29"]

1. e4 c5 2. Nf3 e6 3. d4 cxd4 4. Nxd4 Nc6 5. Nc3 Qc7 6. Be3 a6 7. Qf3 h5 8.
O-O-O b5 9. Qg3 Qxg3 10. hxg3 Bc5 11. Kb1 Bxd4 12. Bxd4 Nxd4 13. Rxd4 Bb7
14. a4 bxa4 15. Nxa4 Bc6 16. Nb6 Rb8 17. Nc4 Nf6 18. f3 Ke7 19. Be2 Bb5 20.
Re1 Rhc8 21. b3 d5 22. exd5 Nxd5 23. Kb2 Nb6 24. Nd6 Rc5 25. Ne4 Rc7 26.
Bxb5 axb5 27. Ra1 Rbc8 28. Rd2 Ra8 29. Rxa8 Nxa8 30. Ka3 f5 31. Ng5 Rb7 32.
Kb4 Nc7 33. Kc5 Nd5 34. Re2 Rc7+ 35. Kxb5 Nc3+ 36. Kb6 Nd5+ 37. Ka6 Kf6 38.
f4 Rc6+ 39. Kb5 Rd6 40. Kc5 Ra6 41. c4 Nc3 42. Re3 Nd1 43. Re2 Nc3 44. Re1
g6 45. b4 h4 46. b5 Na4+ 47. Kb4 Ra7 48. Rxe6+ Kg7 49. Ra6 Rxa6 50. bxa6
1-0

[Event "World Blitz 2023"]
[Site "Samarkand UZB"]
[Date "2023.12.30"]
[Round "18.23"]
[White "Rakhmanov, Aleksandr"]
[Black "Vasquez Schroeder, Rodrigo"]
[Result "1-0"]
[WhiteElo "2521"]
[BlackElo "2582"]
[EventDate "2023.12.29"]

1. d4 Nf6 2. c4 e6 3. Nc3 Bb4 4. e3 O-O 5. Nf3 c5 6. Bd3 d5 7. cxd5 cxd4 8.
exd4 Nxd5 9. O-O Nc6 10. Qc2 h6 11. a3 Ba5 12. Rd1 Nce7 13. Ne4 Bc7 14. Qe2
b6 15. Ng3 Nf6 16. Ne5 Bb7 17. Bf4 Ned5 18. Bd2 Ne7 19. Rac1 Rc8 20. Bb1
Bb8 21. Qd3 Rxc1 22. Bxc1 Qd5 23. f3 Bxe5 24. dxe5 Qxe5 25. Be3 Nc6 26. f4
Qc7 27. Nh5 Rd8 28. Nxf6+ gxf6 29. Qh7+ Kf8 30. Rc1 Ke7 31. Bg6 Rf8 32. Bh5
Qd6 33. Rd1 Qc7 34. Qxh6 Na5 35. Bd4 e5 1-0

[Event "World Blitz 2023"]
[Site "Samarkand UZB"]
[Date "2023.12.30"]
[Round "18.24"]
[White "Pranesh, M"]
[Black "Terry, Renato"]
[Result "1/2-1/2"]
[WhiteElo "2481"]
[BlackElo "2578"]
[EventDate "2023.12.29"]

1. a3 e5 2. e3 d5 3. d4 e4 4. c4 c6 5. Nc3 Nf6 6. cxd5 cxd5 7. Nge2 Bd6 8.
Nf4 Bxf4 9. exf4 Nc6 10. Be2 h5 11. O-O Bg4 12. Be3 O-O 13. Rc1 Qd7 14. h3
Bxe2 15. Qxe2 Ne7 16. Qb5 Rfd8 17. Qxd7 Rxd7 18. Na4 b6 19. Rc2 Rc8 20.
Rfc1 Rxc2 21. Rxc2 Kf8 22. Kf1 Ke8 23. Ke2 Kd8 24. g3 Nf5 25. b3 Rc7 26.
Nc3 Kd7 27. Kd2 Ne7 28. Rc1 Rc8 29. Rg1 Rh8 30. Ne2 Nf5 31. Nc3 g6 32. Ke2
Rc8 33. Kd2 Rh8 34. Ke2 Ne7 35. Nb5 Nc6 36. Kd2 a6 37. Nc3 Na5 38. Kc2 Nc6
39. Na4 Kc7 40. Kd2 Kb7 41. Nc3 Na5 42. Kc2 Nc6 43. Kd2 Ne7 44. Ke2 Ne8 45.
g4 hxg4 46. hxg4 Nc7 47. a4 Ne6 48. Kd2 f5 49. gxf5 gxf5 50. Ne2 Kc6 51.
Nc3 Kd7 52. Ne2 Ra8 53. Nc3 Rb8 54. Rh1 Rg8 55. Rh7 Rg7 56. Rh8 Nd8 57. Rh6
Ndc6 58. Na2 Rg1 59. Nc3 Rg8 60. Na2 Rf8 61. Nc3 Rb8 62. Na2 b5 63. axb5
axb5 64. Nc3 Na5 65. Kc2 Nac6 66. Kd2 Rb7 67. Rf6 Na5 68. Kc2 Nac6 69. Kd2
Rb8 70. Rh6 Rb7 71. Rh7 Ke6 72. Rh6+ Kd7 73. Rh7 Nb4 74. Rh6 Rb8 75. Rh7
Rb6 76. Rg7 Rb7 77. Rh7 Rb8 78. Rg7 Rb6 79. Rh7 Rb7 80. Rg7 Ke6 81. Rh7 Rb8
82. Rh6+ Kd7 83. Rh7 Ke6 84. Rh6+ Kd7 85. Rh7 Rb6 86. Rg7 Rb8 87. Rh7 Rb7
88. Rg7 Rb6 89. Rh7 Rb8 90. Rg7 Rb6 91. Rh7 Rb7 92. Rg7 Ke6 93. Rh7 Rb8 94.
Rh6+ Kd7 95. Rh7 Rb6 96. Rg7 Rb8 97. Rh7 Rb7 98. Rg7 Ke6 99. Rh7 Kf6 100.
Rh6+ Ng6 101. Rh1 Ne7 102. Rh7 Ke6 103. Rh6+ 1/2-1/2

[Event "World Blitz 2023"]
[Site "Samarkand UZB"]
[Date "2023.12.30"]
[Round "18.25"]
[White "Iturrizaga Bonelli, Eduardo"]
[Black "Grebnev, Aleksey"]
[Result "1-0"]
[WhiteElo "2645"]
[BlackElo "2404"]
[EventDate "2023.12.29"]

1. c4 c5 2. Nf3 Nf6 3. Nc3 Nc6 4. g3 g6 5. Bg2 Bg7 6. O-O O-O 7. d4 cxd4 8.
Nxd4 Qa5 9. e3 d6 10. Bd2 Qb6 11. Re1 Bg4 12. Qb3 Qc7 13. Rac1 Rac8 14.
Nxc6 bxc6 15. Qa3 Qd7 16. e4 Rb8 17. Be3 Bh3 18. f3 Bxg2 19. Kxg2 Rb7 20.
b3 Qc7 21. c5 Nd7 22. cxd6 exd6 23. Nd5 Qd8 24. Rxc6 Ne5 25. Rxd6 Qb8 26.
Rc1 Kh8 27. Qa6 Nd3 1-0

[Event "World Blitz 2023"]
[Site "Samarkand UZB"]
[Date "2023.12.30"]
[Round "18.26"]
[White "Vrolijk, Liam"]
[Black "Tari, Aryan"]
[Result "1-0"]
[WhiteElo "2487"]
[BlackElo "2577"]
[EventDate "2023.12.29"]

1. Nf3 Nf6 2. c4 c5 3. Nc3 e6 4. e3 d5 5. cxd5 exd5 6. Bb5+ Nc6 7. Ne5 Qc7
8. Qa4 Bd7 9. Nxd7 Qxd7 10. d3 Bd6 11. e4 Be5 12. O-O O-O 13. Bg5 Ng4 14.
h3 Bxc3 15. bxc3 h6 16. Bf4 Nf6 17. e5 Ne8 18. d4 c4 19. Qd1 Nc7 20. Ba4 f6
21. exf6 Rxf6 22. Be5 Rf7 23. f4 b5 24. Bc2 b4 25. Qh5 bxc3 26. Qg6 Ne7 27.
Qh7+ Kf8 28. Qh8+ Ng8 29. Bh7 Ke7 30. Bxg8 Qe8 31. Rfe1 Kd7 32. Bxc7 Qxg8
33. Qxg8 Rxg8 34. Be5 g5 35. fxg5 Rxg5 36. Re3 c2 37. Rc1 Rgf5 38. Rxc2
Rf1+ 39. Kh2 Rb1 40. Ra3 Kc6 41. Ra5 h5 42. Rc5+ Kb6 43. Rxd5 h4 44. Rd6+
Kb5 45. Rh6 Rd1 46. Rxh4 Rd3 47. Rh8 a5 48. Rc8 Ka4 49. R8xc4+ Kb5 50. R4c3
1-0

[Event "World Blitz 2023"]
[Site "Samarkand UZB"]
[Date "2023.12.30"]
[Round "18.27"]
[White "Zeng, Chongsheng"]
[Black "Vakhidov, Jakhongir"]
[Result "0-1"]
[WhiteElo "2504"]
[BlackElo "2574"]
[EventDate "2023.12.29"]

1. e4 c5 2. Nf3 g6 3. c3 d5 4. exd5 Qxd5 5. d4 Bg7 6. Be3 cxd4 7. Bxd4 Bxd4
8. Qxd4 Nf6 9. Nbd2 Nc6 10. Qxd5 Nxd5 11. g3 Bf5 12. Bg2 Bd3 13. O-O-O e6
14. Nb3 Bc4 15. Nfd2 Bxb3 16. axb3 O-O-O 17. b4 Kc7 18. h4 Ne5 19. Ne4 Ng4
20. Rd2 Ndf6 21. Ng5 Rxd2 22. Kxd2 Rd8+ 23. Ke2 Rd7 24. Ra1 a6 25. Ra5 h6
26. Rc5+ Kb8 27. Ne4 Nxe4 28. Bxe4 Nf6 29. Bf3 Rd8 30. g4 Nd7 31. Ra5 Kc7
32. Ke3 Nb6 33. Rc5+ Kb8 34. Ke2 Na4 35. Rc4 Nxb2 36. Rf4 Rd7 37. g5 hxg5
38. hxg5 Na4 39. c4 Nc3+ 40. Ke3 Na2 41. c5 Nc3 42. Rh4 Kc7 43. Rc4 Nd5+
44. Ke4 Kc6 45. Ke5 Kb5 46. Be2 Kc6 47. Rh4 Kc7 48. Bf3 Kd8 49. Rh8+ Ke7
50. Rh4 Nc3 51. Rc4 Nb5 52. Rh4 Na7 53. Rh8 Nc6+ 54. Bxc6 bxc6 55. Rc8 Rd5+
56. Ke4 Kd7 57. Rf8 Ke7 58. Rc8 Rxg5 59. Rxc6 Rg4+ 60. f4 g5 61. Kd3 Rxf4
62. Kc3 g4 63. Rxa6 g3 64. Ra7+ Kf6 65. Ra1 g2 66. Rg1 Rg4 67. b5 Ke7 68.
b6 Kd7 69. b7 Kc7 70. Rb1 Rg3+ 71. Kd4 g1=Q+ 0-1

[Event "World Blitz 2023"]
[Site "Samarkand UZB"]
[Date "2023.12.30"]
[Round "18.28"]
[White "Zvjaginsev, Vadim"]
[Black "Nigmatov, Ortik"]
[Result "1/2-1/2"]
[WhiteElo "2570"]
[BlackElo "2382"]
[EventDate "2023.12.29"]

1. Nf3 Nf6 2. g3 g6 3. Bg2 Bg7 4. O-O O-O 5. d4 d6 6. Re1 Ne4 7. Nbd2 Nxd2
8. Bxd2 Nc6 9. d5 Nb8 10. Qc1 c6 11. e4 Qb6 12. c3 Nd7 13. Bh6 a5 14. Bxg7
Kxg7 15. a4 Nc5 16. Qe3 Qc7 17. Nd4 Bd7 18. b3 Rab8 19. h4 h5 20. c4 Na6
21. e5 cxd5 22. exd6 exd6 23. Bxd5 Nb4 24. Qe7 Qd8 25. Qxd6 Nxd5 26. Qxd5
Bg4 27. f3 Bh3 28. Kh2 Bd7 29. Rad1 Rc8 30. Nb5 Bc6 31. Qd4+ Qf6 32. Qxf6+
Kxf6 33. Rd6+ Kg7 34. Nd4 Rfd8 35. c5 Rxd6 36. cxd6 Rd8 37. Nxc6 bxc6 38.
Rd1 Kf6 39. g4 Ke6 40. gxh5 gxh5 41. Kg3 Rxd6 42. Rxd6+ Kxd6 43. Kf4 Kc5
44. Kg5 Kb4 45. Kxh5 Kxb3 46. Kg4 c5 47. h5 c4 48. h6 c3 49. h7 c2 50. h8=Q
c1=Q 51. Qb8+ Ka3 52. Qf8+ Kxa4 53. Qxf7 Kb4 54. Qb7+ Ka3 55. f4 Qg1+ 56.
Kh5 Qh2+ 57. Kg4 Qg1+ 58. Kh5 Qc5+ 59. Kg6 Qd6+ 60. Kg5 Qd8+ 61. Kg4 Qg8+
62. Kh5 Qh8+ 63. Kg5 Qd8+ 64. Kg4 Qd4 65. Kg5 Qe3 66. Kg4 Qe2+ 67. Kg5 Qe3
68. Kg4 Qg1+ 69. Kh5 1/2-1/2

[Event "World Blitz 2023"]
[Site "Samarkand UZB"]
[Date "2023.12.30"]
[Round "18.29"]
[White "Henriquez Villagra, Cristobal"]
[Black "Aditya, Mittal"]
[Result "0-1"]
[WhiteElo "2568"]
[BlackElo "2425"]
[EventDate "2023.12.29"]

1. e4 e5 2. Nf3 Nc6 3. g3 Nf6 4. d3 Bc5 5. Bg2 d6 6. O-O h6 7. Nc3 a6 8.
Nd5 Be6 9. c4 Nd4 10. Nxd4 Bxd4 11. Be3 Bxe3 12. fxe3 Nd7 13. Rf2 c6 14.
Nc3 O-O 15. b3 f5 16. Qd2 Qe7 17. exf5 Bxf5 18. d4 Bg6 19. Raf1 Rxf2 20.
Rxf2 exd4 21. exd4 Re8 22. Re2 Qf7 23. Rxe8+ Qxe8 24. h3 Nf6 25. Bf3 Qe6
26. Kg2 Kh7 27. g4 d5 28. Qe2 Be4 29. Bxe4+ dxe4 30. Qe3 g5 31. Qf2 b5 32.
Qe2 Kg6 33. a4 b4 34. Nd1 Qd6 35. Qe3 h5 36. Nf2 Qf4 37. gxh5+ Kxh5 38.
Qe2+ Kh4 39. a5 Qg3+ 40. Kf1 e3 41. Nd1 Qxh3+ 42. Kg1 Qg3+ 43. Qg2 e2 0-1

[Event "World Blitz 2023"]
[Site "Samarkand UZB"]
[Date "2023.12.30"]
[Round "18.30"]
[White "Gokerkan, Cem Kaan"]
[Black "Paravyan, David"]
[Result "1/2-1/2"]
[WhiteElo "2365"]
[BlackElo "2566"]
[EventDate "2023.12.29"]

1. e4 e5 2. Nc3 Nf6 3. g3 Bc5 4. Bg2 c6 5. d3 d5 6. Bg5 Qb6 7. Qd2 Ng4 8.
Nh3 h6 9. Na4 Qb5 10. Nxc5 hxg5 11. Nb3 dxe4 12. Nxg5 exd3 13. O-O-O Qc4
14. c3 Bf5 15. h3 Nf6 16. Rhe1 Nbd7 17. f4 O-O-O 18. g4 Be6 19. fxe5 Nd5
20. Nxe6 fxe6 21. Bxd5 exd5 22. e6 Nf6 23. Qxd3 Qxd3 24. Rxd3 Ne4 25. Nd2
Ng5 26. Re5 Nxh3 27. Rf3 g5 28. Rf7 Nf4 29. Kc2 Rde8 30. e7 Ng6 31. Re6
Rhg8 32. Nf3 Kd7 33. Rff6 Nxe7 34. Ne5+ Kd8 35. Rf7 Rgf8 36. Rexe7 Rxf7 37.
Rxf7 Rxe5 38. Rxb7 a5 39. Rg7 a4 40. Kd3 c5 41. b4 axb3 42. axb3 Kc8 43. b4
cxb4 44. cxb4 Re4 45. Rxg5 Rxb4 46. Rxd5 1/2-1/2

[Event "World Blitz 2023"]
[Site "Samarkand UZB"]
[Date "2023.12.30"]
[Round "18.31"]
[White "Hong, Andrew"]
[Black "Ruck, Robert"]
[Result "1-0"]
[WhiteElo "2460"]
[BlackElo "2561"]
[EventDate "2023.12.29"]

1. e4 c6 2. Nf3 d5 3. d3 g6 4. e5 Bg7 5. d4 f6 6. h3 fxe5 7. dxe5 Nd7 8.
Bf4 Qb6 9. Qc1 e6 10. Be2 Ne7 11. O-O O-O 12. Bh2 c5 13. c4 d4 14. Re1 Nc6
15. Bd1 Qc7 16. Ba4 b6 17. Nbd2 Bb7 18. Ne4 Rxf3 19. gxf3 Rf8 20. f4 Ne7
21. Nd6 Ba8 22. Qd1 Nf5 23. Qg4 Bh6 24. Rad1 Qd8 25. Bc2 Kh8 26. Be4 Bxe4
27. Nxe4 Ng7 28. Bg3 Nh5 29. Bh4 Qa8 30. Bg5 Bxg5 31. Nxg5 Nxf4 32. Re4 h5
33. Qh4 Nxe5 34. Rxf4 Qb7 35. Rxf8+ 1-0

[Event "World Blitz 2023"]
[Site "Samarkand UZB"]
[Date "2023.12.30"]
[Round "18.32"]
[White "Moiseenko, Alexander"]
[Black "Zhalmakhanov, Ramazan"]
[Result "1-0"]
[WhiteElo "2556"]
[BlackElo "2427"]
[EventDate "2023.12.29"]

1. d4 d6 2. e4 Nf6 3. Nc3 g6 4. Be3 c6 5. Qd2 Nbd7 6. Nf3 b5 7. Bd3 e5 8.
h3 Bg7 9. O-O O-O 10. a4 b4 11. Ne2 c5 12. dxc5 dxc5 13. Ng3 Bb7 14. Rfd1
Qc7 15. b3 Rad8 16. Bh6 Ne8 17. Bxg7 Kxg7 18. Bb5 Bc6 19. Bxc6 Qxc6 20.
Nxe5 Nxe5 21. Qxd8 Nf6 22. Qd6 Re8 23. f3 Qc8 24. Nf1 h5 25. Rd2 c4 26.
Qxb4 c3 27. Rf2 h4 28. Rd1 Nh5 29. Ne3 Nf4 30. Nd5 Nxh3+ 31. gxh3 Qxh3 32.
Qxc3 f6 33. Rdf1 Rc8 34. Qe3 Rc6 35. Qxa7+ Kh6 36. Qe3+ Kg7 37. Rg2 1-0

[Event "World Blitz 2023"]
[Site "Samarkand UZB"]
[Date "2023.12.30"]
[Round "18.33"]
[White "Gurel, Ediz"]
[Black "Ponkratov, Pavel"]
[Result "0-1"]
[WhiteElo "2359"]
[BlackElo "2547"]
[EventDate "2023.12.29"]

1. e4 c5 2. Nf3 e6 3. d4 cxd4 4. Nxd4 Nc6 5. Nc3 Qc7 6. g3 h5 7. h3 a6 8.
Bg2 Bc5 9. Nb3 Ba7 10. Bf4 Ne5 11. O-O Ne7 12. Qe2 h4 13. g4 N7g6 14. Bh2
Qc4 15. Qd2 b5 16. Kh1 Qc7 17. Rad1 Bb7 18. Nd4 Qb6 19. Nf5 O-O 20. Bxe5
exf5 21. Bd6 fxg4 22. hxg4 Rfe8 23. f4 h3 24. Bxh3 b4 25. Ne2 Rxe4 26. Bg2
Rae8 27. Bxe4 Rxe4 28. Kh2 Nh4 29. Be5 Qh6 30. Kg3 Re3+ 31. Qxe3 Bxe3 32.
Rxd7 f6 33. Bd6 Bc6 34. Re7 Ng6 35. g5 Qh4# 0-1

[Event "World Blitz 2023"]
[Site "Samarkand UZB"]
[Date "2023.12.30"]
[Round "18.34"]
[White "Demchenko, Anton"]
[Black "Tsaruk, Maksim"]
[Result "0-1"]
[WhiteElo "2545"]
[BlackElo "2378"]
[EventDate "2023.12.29"]

1. e4 e5 2. Nf3 Nc6 3. Bc4 Bc5 4. d3 Nf6 5. Bg5 h6 6. Bh4 Be7 7. Bg3 d6 8.
a4 Be6 9. Bxe6 fxe6 10. c3 O-O 11. h3 a5 12. Nbd2 b6 13. O-O Qe8 14. Qb3
Bd8 15. Qb5 Nh5 16. Bh2 Ne7 17. Qxe8 Rxe8 18. d4 exd4 19. Nxd4 e5 20. Nb5
Rc8 21. Nc4 Nf6 22. f3 Nd7 23. Rfd1 Nc5 24. Kf1 Nc6 25. Bg1 Bg5 26. Ke2 Re7
27. Bf2 h5 28. h4 Bh6 29. Be3 Bxe3 30. Nxe3 Ne6 31. Kf2 Nf4 32. Rab1 Rf7
33. Nf5 Rcf8 34. b4 axb4 35. cxb4 Ra8 36. Nc3 Kh7 37. b5 Nd8 38. Ne3 Nb7
39. g3 Ne6 40. Kg2 Nbc5 41. Ra1 Nd4 42. Rf1 Raf8 43. Ned5 Rxf3 44. Nxc7
Ncb3 45. Rad1 Rxf1 46. Rxf1 Rxf1 47. Kxf1 Nd2+ 48. Kf2 Nc4 49. N3d5 Nb3 50.
Na8 Nc5 51. Naxb6 Nxe4+ 52. Kf3 Ned2+ 53. Ke2 Nxb6 54. Nxb6 Nb3 55. Nd5 Kg6
56. b6 Na5 57. Ke3 Kf5 58. Ne7+ Ke6 59. Nc8 Kd7 60. Na7 Nc4+ 61. Ke4 Nxb6
62. a5 Na4 63. Kd5 Nc3+ 64. Kc4 Ne4 65. Nb5 Kc6 66. a6 d5+ 67. Kb4 d4 68.
Kc4 0-1

[Event "World Blitz 2023"]
[Site "Samarkand UZB"]
[Date "2023.12.30"]
[Round "18.35"]
[White "Khismatullin, Denis"]
[Black "Orozbaev, Eldiar"]
[Result "1-0"]
[WhiteElo "2552"]
[BlackElo "2236"]
[EventDate "2023.12.29"]

1. b3 e5 2. Bb2 Nc6 3. c4 f5 4. e3 Nf6 5. Nf3 d6 6. Nc3 Be7 7. d4 e4 8. d5
Nb4 9. Nd4 c5 10. dxc6 Nxc6 11. Be2 O-O 12. O-O Ne5 13. Qc2 Qe8 14. Ncb5
Qg6 15. Nc7 Rb8 16. Nce6 Re8 17. Nf4 Qh6 18. Rad1 g5 19. Nd5 Nxd5 20. cxd5
Bd7 21. Rc1 Rbd8 22. Ne6 Bxe6 23. dxe6 Qxe6 24. Rfd1 d5 25. Qc7 Bf6 26.
Qxb7 f4 27. Bh5 Re7 28. Rc7 Rxc7 29. Qxc7 Rd7 30. Qc8+ Kg7 31. Ba3 Ng6 32.
h3 Qf7 33. Bg4 Rd8 34. Qf5 fxe3 35. fxe3 d4 36. Qxe4 Re8 37. Qf5 Rxe3 38.
Rf1 d3 39. Bb2 Nf4 40. Qxg5+ Kf8 41. Bxf6 d2 42. Qxf4 Re1 43. Qd6+ Kg8 44.
Qd8+ Qe8 45. Qxe8+ Rxe8 46. Bc3 1-0

[Event "World Blitz 2023"]
[Site "Samarkand UZB"]
[Date "2023.12.30"]
[Round "18.36"]
[White "Gaehwiler, Gabriel"]
[Black "Cheparinov, Ivan"]
[Result "0-1"]
[WhiteElo "2448"]
[BlackElo "2613"]
[EventDate "2023.12.29"]

1. d4 Nf6 2. c4 e6 3. Nf3 d5 4. g3 Bb4+ 5. Bd2 a5 6. Bg2 O-O 7. Qc2 Be7 8.
O-O c6 9. Rc1 Nbd7 10. Bf4 h6 11. Nc3 dxc4 12. a4 Nd5 13. Nd2 N7b6 14. Nf3
Nxf4 15. gxf4 Nd5 16. e3 Nb4 17. Qe2 b6 18. Ne5 Bb7 19. Qxc4 Rc8 20. Rd1
Rc7 21. Rac1 Rc8 22. Qe2 Nd5 23. Qh5 Qe8 24. f5 exf5 25. Qxf5 Nf6 26. Ne4
Nxe4 27. Bxe4 g6 28. Qd7 Qxd7 29. Nxd7 Rfe8 30. Ne5 Bd6 31. Bxc6 Bxc6 32.
Nxc6 Rc7 33. Rc4 Re4 34. Rdc1 Rg4+ 35. Kh1 Rd7 36. R4c2 Rh4 37. f4 g5 38.
Ne5 Re7 39. Rg1 Kg7 40. Rc6 Bxe5 41. dxe5 Re6 42. Rxe6 fxe6 43. fxg5 Rxa4
44. gxh6+ Kxh6 45. Rc1 Rb4 46. Rc2 Kg5 47. Kg2 Kf5 48. Kg3 Kxe5 49. h4 Kf5
50. Rf2+ Kg6 51. Rc2 b5 52. Rc6 Rxb2 53. Rxe6+ Kf7 54. Ra6 a4 55. h5 Rb3
56. Kf4 a3 57. Ke4 b4 58. Kd4 Rb2 59. Kc4 a2 60. h6 b3 61. Ra8 Kg6 62. Ra6+
Kh7 63. Kd4 0-1

[Event "World Blitz 2023"]
[Site "Samarkand UZB"]
[Date "2023.12.30"]
[Round "18.37"]
[White "Isanzhulov, Arystan"]
[Black "Brunello, Sabino"]
[Result "1-0"]
[WhiteElo "2431"]
[BlackElo "2573"]
[EventDate "2023.12.29"]

1. e4 e5 2. Nf3 Nf6 3. Nc3 Bb4 4. Nxe5 O-O 5. Nd3 Bxc3 6. dxc3 Nxe4 7. Be2
Re8 8. O-O d6 9. Re1 Nd7 10. Bf3 Ndf6 11. Be3 c6 12. c4 Bf5 13. Nf4 Qd7 14.
Bd4 b6 15. b3 Rad8 16. Bb2 Qc7 17. Nh5 Nxh5 18. Bxh5 h6 19. Qf3 Qd7 20. Qf4
Ng5 21. h4 Nh7 22. Qg3 Bg6 23. Bf3 h5 24. Bxh5 Rxe1+ 25. Rxe1 Re8 26. Rc1
Re6 27. Bg4 f5 28. Bf3 Be8 29. Bxc6 Qc7 30. Bd5 1-0

[Event "World Blitz 2023"]
[Site "Samarkand UZB"]
[Date "2023.12.30"]
[Round "18.39"]
[White "Savchenko, Boris"]
[Black "Abdisalimov, Abdimalik"]
[Result "0-1"]
[WhiteElo "2513"]
[BlackElo "2417"]
[EventDate "2023.12.29"]

1. e4 c5 2. Nf3 d6 3. d4 cxd4 4. Nxd4 Nf6 5. Nc3 a6 6. h3 e6 7. g4 h6 8.
Bg2 Be7 9. b3 Bd7 10. Bb2 Nc6 11. Nde2 b5 12. Ng3 Rc8 13. f4 g5 14. Qd2
gxf4 15. Qxf4 Nd4 16. Qf2 Nxc2+ 17. Qxc2 b4 18. O-O-O bxc3 19. Bxc3 O-O 20.
Kb1 Qc7 21. Rc1 d5 22. Qf2 Bb5 23. Rhd1 Qxc3 24. Rxc3 Rxc3 25. exd5 Ba3 26.
Qxf6 Rfc8 27. Qxc3 Rxc3 28. Ne4 Bd3+ 29. Ka1 Rc2 30. d6 Bb2+ 31. Kb1 Rd2#
0-1

[Event "World Blitz 2023"]
[Site "Samarkand UZB"]
[Date "2023.12.30"]
[Round "18.40"]
[White "Bilguun, Sumiya"]
[Black "Xiu, Deshun"]
[Result "1/2-1/2"]
[WhiteElo "2407"]
[BlackElo "2493"]
[EventDate "2023.12.29"]

1. e4 c5 2. Nc3 d6 3. f4 Nc6 4. Nf3 g6 5. Bc4 Bg7 6. O-O e6 7. d4 cxd4 8.
Nb5 Nge7 9. Bb3 O-O 10. Nbxd4 Nxd4 11. Nxd4 Nc6 12. Be3 Na5 13. Qd2 Nxb3
14. axb3 a6 15. c3 Qe7 16. Nb5 Rd8 17. Rfd1 Bf8 18. b4 Rb8 19. Ba7 Ra8 20.
Bb6 Rd7 21. Nd4 e5 22. Nf3 exf4 23. Qxf4 h6 24. Bd4 Qe6 25. Bf6 Rc7 26. Nd4
Qe8 27. e5 dxe5 28. Bxe5 Re7 29. Re1 Bg7 30. Nf3 Bd7 31. Bxg7 Kxg7 32. Qd4+
f6 33. Rxe7+ Qxe7 34. Re1 Qf7 35. Qb6 Bc6 36. Nd4 Re8 37. Rf1 Bd5 38. b3
Re5 39. c4 Be4 40. Qd6 Qe7 41. Qxe7+ Rxe7 42. Re1 f5 43. b5 Rd7 44. Ne6+
Kf6 45. Nc5 Re7 46. bxa6 bxa6 47. Nxa6 Ke5 48. b4 Kd4 49. c5 Rb7 50. Rc1
Bc6 51. Rd1+ Kc4 52. Rd6 Bb5 53. Rxg6 Ra7 54. Nb8 Kxb4 55. Nc6+ Bxc6 56.
Rxc6 Ra5 57. Rxh6 Rxc5 58. Kf2 Kc4 59. Kf3 Kd5 60. Kf4 Rc2 61. Rg6 Rf2+ 62.
Ke3 Rf1 63. h4 Ke5 64. h5 f4+ 65. Ke2 Rh1 66. Rg5+ Ke4 67. Ra5 Rh2 68. Kf1
Rh1+ 69. Kf2 Rh2 70. Kg1 Rh4 71. Rb5 Rg4 72. Kf2 Rh4 73. Rb4+ Kf5 74. Kf3
Kg5 75. Rb5+ Kh6 76. Rf5 Kg7 77. Re5 Kh6 78. Rd5 Kg7 79. Kf2 Kh6 80. Kf3
Kg7 81. Rg5+ Kh6 82. Rg8 Kh7 83. Rg5 Kh6 84. Rf5 Kg7 85. Rxf4 Rxh5 86. Kg4
Ra5 87. Rb4 Ra7 88. Kh4 Rc7 89. Rb6 Ra7 90. g4 Rc7 91. Kh5 Ra7 92. g5 Rc7
93. Rg6+ Kh7 94. Rd6 Kg7 95. Kg4 Ra7 96. Kf5 Rb7 97. Re6 Ra7 98. Rd6 Rb7
99. Rd5 Ra7 100. Ke6 Kg6 101. Rd7 Rxd7 102. Kxd7 Kxg5 1/2-1/2

[Event "World Blitz 2023"]
[Site "Samarkand UZB"]
[Date "2023.12.30"]
[Round "18.41"]
[White "Begmuratov, Khumoyun"]
[Black "Kezin, Roman"]
[Result "0-1"]
[WhiteElo "2276"]
[BlackElo "2492"]
[EventDate "2023.12.29"]

1. e4 c5 2. Nf3 e6 3. d4 cxd4 4. Nxd4 Nc6 5. Nc3 Qc7 6. a3 a6 7. g3 b5 8.
Bg2 Bb7 9. O-O Nf6 10. h3 Be7 11. Nxc6 Bxc6 12. Bf4 d6 13. Qe2 O-O 14. Rad1
Rfd8 15. Rd2 Rd7 16. Rfd1 Rad8 17. Kh2 h6 18. Be3 Qb7 19. f3 a5 20. Qf2 b4
21. axb4 axb4 22. Ne2 e5 23. c4 Ra8 24. g4 Ra2 25. Ng3 Qa6 26. Nf5 Bf8 27.
Nxd6 Ba4 28. Ne8 Rxb2 29. Nxf6+ Qxf6 30. Rxb2 Bxd1 31. c5 b3 32. Rb1 Bc2
33. Re1 Qa6 34. f4 exf4 35. Qxf4 b2 36. Bf1 Qf6 37. Qb8 Rd8 38. Qb4 Qe5+
39. Kg2 Bxe4+ 40. Kf2 Qh2+ 0-1